header

Transnational organized crime (Record no. 60676)

MARC details
000 -LEADER
fixed length control field 01615nam a2200361 a 4500
082 04 - DEWEY DECIMAL CLASSIFICATION NUMBER
Classification number 364.1/06
245 00 - TITLE STATEMENT
Title Transnational organized crime
260 ## - PUBLICATION, DISTRIBUTION, ETC. (IMPRINT)
Place of publication Washington, D.C. :
Name of publisher National Academy Press,
Year of publication c1999.
300 ## - PHYSICAL DESCRIPTION
Number of Pages xi, 62 p.
490 1# - SERIES STATEMENT
Series statement Compass series
500 ## - GENERAL NOTE
General note "Workshop on Transnational Organized Crime June 17-18, 1998"--P. 61.
650 #0 - SUBJECT ADDED ENTRY--TOPICAL TERM
Topical Term Transnational crime
Topical Term Organized crime
700 1# - ADDED ENTRY--PERSONAL NAME
Personal name Reuter, Peter,
Personal name Petrie, Carol.
856 40 - ELECTRONIC LOCATION AND ACCESS
Uniform Resource Identifier http://site.ebrary.com/lib/rucke/Doc?id=10041042

No items available.

© 2026 Rongo University
Contact us: librarian | system librarian | Rongo university